The golem in Jewish American literature : risks and responsibilities in the fiction of Thane Rosenbaum, Nomi Eve and Steve Stern /

Bibliographic Details
Main Author: Morris, Nicola, 1952-
Format: Book
Language:English
Published: New York : Peter Lang, [2007]
Series:Twentieth century American Jewish writers ; v. 12.
Subjects:
Online Access:Table of contents only

MARC

Tag First Indicator Second Indicator Subfields
LEADER 00000cam a22000004a 4500
001 in00002339321
005 20151108043932.0
008 060801s2007 nyu b 001 0 eng
010 |a  2006024924 
020 |a 0820463841 (hardcover : alk. paper) 
020 |a 9780820463841 (hardcover : alk. paper) 
029 1 |a OHX  |b har060109238 
035 |a (OCoLC)ocm70823184 
035 |a (OCoLC)70823184 
040 |a DLC  |c DLC  |d BAKER  |d BTCTA  |d C#P  |d OHX  |d YDXCP  |d UtOrBLW 
043 |a a-is--- 
049 |a TXAM 
050 0 0 |a PS374.J48  |b M67 2007 
082 0 0 |a 813/.5409351  |2 22 
100 1 |a Morris, Nicola,  |d 1952- 
245 1 4 |a The golem in Jewish American literature :  |b risks and responsibilities in the fiction of Thane Rosenbaum, Nomi Eve and Steve Stern /  |c Nicola Morris. 
264 1 |a New York :  |b Peter Lang,  |c [2007] 
264 4 |c ©2007 
300 |a x, 147 pages ;  |c 24 cm. 
336 |a text  |b txt  |2 rdacontent 
337 |a unmediated  |b n  |2 rdamedia 
338 |a volume  |b nc  |2 rdacarrier 
490 1 |a Twentieth-Century American Jewish writers ;  |v v. 12 
504 |a Includes bibliographical references (pages [137]-142) and index. 
505 0 |a Introduction: the golem in ancient and contemporary literature and folklore -- Thane Rosenbaum's Second hand smoke and The golems of Gotham -- Nomi Eve's The family orchard -- Steve Stern's Lazar Malkin enters heaven and Mickey and the golem. 
650 0 |a American fiction  |x Jewish authors  |x History and criticism. 
650 0 |a Golem in literature. 
650 0 |a Mysticism in literature. 
650 0 |a Jews in literature. 
650 0 |a Holocaust survivors in literature. 
651 0 |a Israel  |x In literature. 
830 0 |a Twentieth century American Jewish writers ;  |v v. 12. 
856 4 1 |3 Table of contents only  |u http://www.loc.gov/catdir/toc/ecip0618/2006024924.html  |t 0 
938 |a Baker and Taylor  |b BTCP  |n 2006024924 
938 |a Baker & Taylor  |b BKTY  |c 60.95  |d 60.95  |i 0820463841  |n 0006942814  |s active 
938 |a Otto Harrassowitz  |b HARR  |n har060109238  |c 69.69 USD 
938 |a YBP Library Services  |b YANK  |n 2478252 
945 |a PromptCat  |b 237909 
946 |a stk 
947 |a A14836259870 
948 |a cataloged  |b h  |c 2007/10/14  |d c  |e dmartine  |f 2:37:40 pm 
994 |a 92  |b TXA 
999 |a MARS 
999 f f |s fcdafe72-0957-30fd-bff0-7cf8bb649e76  |i 2952da6e-e528-31fc-b2bc-2aaa5df6a14a  |t 0 
952 f f |p ric  |a Texas A&M University  |b Rellis Campus  |c Joint Library Facility  |d Remote Storage  |t 0  |e PS374.J48 M67 2007  |h Library of Congress classification  |i unmediated -- volume  |m A14836259870 
998 f f |a PS374.J48 M67 2007  |t 0  |l Remote Storage